Film/TV: Charlies Angels - Sudden Death - Statistiken

Allgemein
  • Dieses Quiz wurde 111 mal gespielt
    28 seit der letzten Aktualisierung
  • Das Durchschnittsergebnis liegt bei 7 aus 16
Answers on the Grid
Answers color-coded by a green-red scale on the quiz's grid according to % correct below.
Jill Munroe
Natalie Cook
Dylan Sanders
Alex Munday
Kelly Garret
Kris Munroe
Sabrina Duncan
Julie Rogers
Sabrina Wilson
Christina Carter
Andrea Neal
Kate Prince
Eve French
Abby Sampson
Tiffany Leiddi
Alba Zevon
Jane Kano
Tiffany Welles
Ashley Lane
Alexis Taylor
Krissy Lynn
Juliette March
Nicole Sheridan
Mona Wales
Karina Santos
Brooklyn Lee
Casey Calvert
Zoey Monroe
Hannah Perez
Elena Houghlin
Simone Sonay
Emma Karo
Gina Valentina
Eve Ellis
Madison Lee
Sara Foster
Kristina Rose
Veronica Avluv
Madison Scott
Emily Addams
Veruca James
Lorena Garcia
 
Antwortstatistiken
Antwort % Korrekt
Drew Barrymore (2000 - 2003) Dylan Sanders
100%
Minka Kelly (Serie 2011) Eve French
67%
Farrah Fawcett (1976 - 1977) Jill Munroe
67%
Jaclyn Smith (1976 - 2019) Kelly Garret
67%
Kristen Stewart (2019) Sabrina Wilson
67%
Rachael Taylor (Serie 2011) Abby Sampson
33%
Lucy Liu (2000 - 2003) Alex Munday
33%
Naomi Scott (2019) Elena Houghlin
33%
Ella Balinska (2019) Jane Kano
33%
Tanya Roberts (1980 - 1981) Julie Rogers
33%
Annie Ilonzeh (Serie 2011) Kate Prince
33%
Cheryl Ladd (1977 - 1981) Kris Munroe
33%
Demi Moore (2003) Madison Lee
33%
Cameron Diaz (2000 - 2003) Natalie Cook
33%
Kate Jackson (1976 - 1979) Sabrina Duncan
33%
Shelley Hack (1979 - 1980) Tiffany Welles
0%
Keine übereinstimmenden Quizze gefunden
Verteilung der Resultate
Anzahl Personen mit jedem Resultat
Perzentil nach korrekt beantworteten Fragen
Ihre Resultats-Entwicklung
Sie haben dieses Quiz seit der letzten Aktualisierung nicht gespielt